000 00375nam a22001577a 4500
003 MPLRDC
005 20220104114053.0
008 210129b ||||| |||| 00| 0 eng d
082 _a830 HMH
100 _a黄美华主编
245 _a历代诗文精选
_c
260 _a
_b满庭芳出版社
_c1991
300 _b
650 _a中国文学总集
942 _cBK
_o830 HMH
999 _c4579
_d4569